000 02566nam a2200313 a 4500
001 001595554
003 AR-BeUNQ
005 20240624205305.0
007 ta
008 240624s2023 ag gr 001 0 spa
015 _aAR-2023
020 _a9789501204070
040 _aAR-BaBN
_bspa
_cAR-BaBN
_eaacr
_dAR-BeUNQ
044 _aag
_car-c
082 0 4 _a177.7
_221
100 1 _aSztajnszrajber, Darío,
_d1968-
245 1 3 _aEl amor es imposible :
_bocho tesis filosóficas /
_cDarío Sztajnszrajber.
250 _a1a ed.
260 _aC.A.B.A. :
_bPaidós,
_c2023.
300 _a376 p. ;
_c23 cm.
520 3 _a¿Qué significa que el único amor verdadero sea el amor imposible? ¿Es el amor lo que suponemos que es? O antes que eso, ¿es lo imposible aquello definido como lo inalcanzable, lo inconsumable, lo inenarrable? ¿Y si fueran las preguntas lo que hay que cambiar porque es en la imposibilidad del encuentro amoroso donde radica su verdad? Este libro es una propuesta de deconstrucción radical sobre uno de los eventos más radicales de nuestra existencia. Ocho tesis que tienen el arrojo de devenir en una serie de desvelos, nuevas intuiciones, destellos que nos inviten a temblar. Es la puesta en página de una práctica política concreta, que increpa a ese amor comercial, romántico, que se nos vende como dominante, como único y normativo. Es ir a martillazos contra esa arquitectura sentimental sostenida por el sentido común, por definiciones y naturalezas forzadas. Y entonces, sí: categorías cristalizadas como la pareja, la familia, la media naranja y el primer amor, entre otras, son puestas en evidencia, caen bajo su propio peso: se rompen. El amor es imposible conduce al insomnio, y de ahí a una revolución íntima y perturbadora comandada por el deseo genuino de la intranquilidad: no queremos estar en donde estamos. Un trabajo de años, de lecturas y de diálogos en el que Darío Sztajnszrajber pone una vez más, al alcance de quienes estén dispuestos a jugar el juego, las herramientas de la filosofía para desandar lo andado, rebelarse y exigir siempre, aunque suene a destiempo y desubicado, animarse a lo imposible.
_c(Descripción del editor).
650 7 _aFilosofía
_2spines
650 7 _aAfecto
_2spines
751 _aBuenos Aires
_elugar de publicación
_4pup
929 _aCOMPRA
_bCúspide Libros S. A.
_cEXp. 827-2000/2023
_d11610
_e20231213
_fPAT0081049
_h1
_j62361
929 _aCOMPRA
_bCúspide Libros S. A.
_cEXp. 827-2000/2023
_d11610
_e20231213
_fPAT0081050
_h2
_j62361
942 _cLIB
999 _c1025
_d1025